Statistics for Districts of Tyne and Wear on a Map

Click here to take the quiz!

General Stats

  • This quiz has been taken 45 times
  • The average score is 4 of 5

Answers on the Map

Answers color-coded by a green-red scale on the quiz's map according to % correct below.
 

Answer Stats

Answer% Correct
Newcastle upon Tyne
93%
Sunderland
86%
Gateshead
83%
North Tyneside
76%
South Tyneside
69%

Score Distribution

Percentile by Number Answered

Percent of People with Each Score

Your Score History

You have not taken this quiz